000 00799nam a22002417a 4500
003 OSt
005 20240330204655.0
008 240328b |||||||| |||| 00| 0 hin d
020 _a9788123728223
040 _aNISER LIBRARY
_cNISER LIBRARY
041 _aEnglish
082 _a82-93
_bMUR-W
100 _aMurthi, R.K.
245 _aWonderland of air
260 _aNew Delhi :
_bNational Book Trust ,
_c2019.
300 _a56p.
_c23.5"(L)x17.9"(W) cm
520 _aShalu and his brother travels into the amazing land of air. In their journey they unravel the mysteries and facts about one of the most important components of life 'The Air'.
650 0 _aAtmospheric layers
650 0 _aWeather
650 0 _aAir pollution
700 _aGangopadhyay, Neeta
_eIllustrator
942 _cCC
_2udc
999 _c34735
_d34735